| 000 | 00379nam a22001217a 4500 | ||
|---|---|---|---|
| 003 | NUST | ||
| 082 |
_a344.0095491 _bPLC |
||
| 245 |
_aPakistan Labour Cases 1983 / _cFounded by Malik Mir Muhammad and Edited by Kazi Muhammad Ashraf et all |
||
| 260 |
_aLahore : _bPLD Publishers, _c1983. |
||
| 300 |
_aVol: 1. 1292 and Vol: 2. 1304 p. ; _c23cm. |
||
| 563 | _aHB. | ||
| 942 |
_2ddc _cCR _s1 |
||
| 999 |
_c595158 _d595158 |
||